Quizzes
Events
Quiz Creation
Community
Videos
Private Events
Remove Ads
Sign In
Join for FREE
Feedback
Dark Mode
Quiz Categories
Sports
Geography
Music
Movies
Television
Just For Fun
Miscellaneous
History
Literature
Language
Science
Gaming
Entertainment
Religion
Holiday
For Kids
Quiz Lab
Recent
Popular Today
Quiz Kudos Today
Editor Picks
Curator Picks
Quizzes by...
Day
Popularity
Type
Ratings
Length
Year
Community
Subscriptions
Recent Discussions
Orange Saloon
Badges
Playlists
Quests
Create
Leaderboards
Showdown
Live 5
Trivia Bingo
Activity
Puzzle Library
Sporcle Events
Private Events
Virtual Trivia
Globe League
Become a Host
Pub Owners
SporcleCon
Opinionation
Our Games
Videos
Blog
Mobile Apps
Partnerships
Remove Ads and Go Orange
Feedback
Sports
Athletes
MLB
NBA
NHL
NFL
Soccer
Sports Teams
WWE
NCAA
Football
Premier League
Basketball
Baseball
Hockey
Golf
Tennis
Cricket
Rugby
Auto Racing
Olympics
World Cup
Sports
Athletes
MLB
NBA
NHL
NFL
Soccer
Sports Teams
WWE
NCAA
Football
Premier League
Basketball
Baseball
Hockey
Golf
Tennis
Cricket
Rugby
Auto Racing
Olympics
World Cup
Random Quiz
Search Sporcle
×
Quiz Lab
Quiz Lab
Sports
Basketball
Type in answers that appear in a list
Type in answers that appear in a list
Classic
Best Score? Go Orange.
Basketball IQ Stats
Can you name the things to do with basktball?
By
TJames3
5m
32 Questions
1,221 Plays
1,221 Plays
1,221 Plays
Comments
Comments
Give Quiz Kudos
Give Quiz Kudos
-
- Ratings
hide this ad
Replay
Link that replays current quiz
Next Quiz
Link to next quiz in quiz playlist
You Got
0%
They Got
Avg Score
56%
Avg Friend Score
Upgrade to see
Score Distribution
Jump to the score distribution portion of the page
Score
0/32
Timer
05:00
0
Plays Today
Questions
Answers
% Correct
dribbling ball with both hands or stoping your dribble and then starting it again
double dribble
93.9%
shot in which shot is missed and doesn't touch the rim
airball
86%
Taking 3 or more steps without dribbling is
traveling
84.8%
position usally given to the tallest player
center
81.5%
position in basketball which acts as a 'quarterback' and controls the ball
point guard
81.1%
stat gained from passing the ball to a teamate and they score
assist
77.7%
basic dribbling move where ball is passed from one hand to the opposite hand
crossover
75.2%
this starts basketball games at half court
jump ball
70%
getting double digit scoring in 3 catagories
triple double
69.8%
type of pass that is aimed at a players chest and doesn't bounce
chestpass
69.3%
method used to help and secure a rebound
box out
68.1%
result of fouling a player while shooting
freethrow
67.5%
2 players attempt to trap or defend the same player
double team
65.6%
shot where the ball hits the backboard before going in
bankshot
64.9%
touching the ball while inside an imaginary cylinder around the basket
goaltending
64.6%
when defensive player takes the ball from offensive player
steal
63.6%
Questions
Answers
% Correct
offense quickly moving the ball down the court and score before defense can react
fast break
61.9%
endline where the basket is; known as the
baseline
56.8%
defense where each player is responsible for an area of the court
zone defense
50%
foul called when offensive player runs into or illegally pushes the defensive player
offensive foul
46.3%
illegal contact between opposing players
foul
45.4%
dribbling move where player does a 360 to get past an opponent
spin move
43.7%
shot where player throws ball into basket strongly
dunk
43.3%
result of fouling a player shooting and making a three pointer and then hitting the free throw
four point play
43%
amount of free throws given to player who was fouled behind the 3 point line while shooting
3
37%
laying the ball up on the opposite side of the basket
reverse layup
34.6%
act where an offensive player blocks a defender from moving
screen
30.4%
points awarded for making a mid range jumper
2
29.6%
basketball drill where 3 players start on the base line and pass the ball to each other then follow behind the pass receive a pass and repeat
three man weave
27.3%
shot where player shoots with one hand high
floater
24.9%
area on either side of the top of the key
wing
21.8%
quick sprint in the key or along the baseline
cut
19.9%
Quiz Playlist
Details
Report
Send in Message
Add To Playlist
Classic:
Type in answers that appear in a list
Last Updated: Feb 16, 2017
Quiz Scoreboard
CHALLENGE
Sign Up to Join the Scoreboard
Show All
Scores
Hide
Comments
May contain spoilers
Recently Published
Pick 6: Fruits
by JohnFran
Miscellaneous
15s
Click the 1999 NBA Draft
by nibperrychub
Sports
2m
Alphabetical 'K' Countries by Flag Minefield
by ylime102
Geography
3m
More to Explore
Quiz From the Vault
Featured Blog Post
15 Basketball Trivia Facts You Can Be March Mad About
hide this ad
You Might Also Like...
Tags
Basketball Quiz
Disney Quiz
ball
basket
defense
foul
offense
Travel
Today's Top Quizzes in Sports
Browse Sports
hide this ad
Today's Top Quizzes in Basketball
Browse Basketball
Top Contributed Quizzes in Sports
1
Les joueurs à 100 buts en Ligue 1 Uber Eats
2
Pick 6: NFL Teams
3
MLB 2 truths and a lie: Hall of Fame pitchers
4
2022 World Cup Stars
5
Criteria MLB: Left Handed Sluggers
6
Millionaire: NBA Finals Edition
7
Pick 6: Minor League Baseball
8
Click the 1998 NBA Draft
9
Don't Strike Out: 3000 Strikeouts
10
Pick 6: Olympics
Explore More
Trending Topics
Disney
Marvel
Kpop
Crossword
Harry Potter
Anime
NBA
Country
WWE
NFL
Puzzle
Pokémon
Soccer
The Office
Song
hide this ad
More By:
TJames3
Quiz
Plays
Rating
Category
Featured
Created
2011-12 College Basketball Preseason Ranking
3,072
3.47
Sports
Oct 29, 2011
Basketball IQ
1,221
2.33
Sports
Oct 18, 2011
Cereal by character
616
2.50
Just For Fun
Oct 19, 2011
The Office (U.S.) Super Quiz
510
3.00
Television
Oct 29, 2011
Jackass Disclaimer
506
3.00
Television
Nov 4, 2011
Go to Creator's Profile
Score Distribution
Quiz Creator Spotlight
TJames3
Follow
Send a Message
Quizzes Created
-
Created Quiz Play Count
-
More By This Creator
Popular Quizzes Today
1
Countries of Asia Without Outlines Minefield
2
Find the US States - No Outlines Minefield
3
Pick 6: Fruits
4
Alphabetical 'K' Countries by Flag Minefield
5
The Countries of the World
6
Find the US States
7
US States
8
Find the Countries of Europe - No Outlines Minefield
More Sports Quizzes
MLB: 100 Home Runs in the 2010s
Quiz Lab
Trending Quizzes
Pick 6: Mountains
Pick 6: Harry Potter
Pick 6: Flags
Pick 6: NFL Teams
Pick 6: Movie Franchises
Recently Updated
NWSL Teams
pecheneg
Women's Final Four Teams by Year
bhenderson79
Presidents Quartet II
eogle
Anything But Clue(do)
eogle
Anything But Oceanian Capitals
eogle
Anything But 7
eogle
Anything But Thing
eogle
Word Ladder: February 29
pecheneg
Song Title Questions
pecheneg
Women's NCAA Tournament #1 Seeds
pecheneg
Trending Topics
Harry Potter
Kpop
Disney
Crossword
Anime
Marvel
NBA
Song
Pokémon
Soccer
Country
WWE
Puzzle
NFL
The Office
Your Account Isn't Verified!
In order to create a playlist on Sporcle, you need to verify the email address you used during registration. Go to your
Sporcle Settings
to finish the process.
Report this User
Report this user for behavior that violates our
Community Guidelines
.
Details:
Send Report
Go to the Sporcle.com Mobile Site →
Comments